01043 2200205 4500001002100000005001500021035002000036008004100056245002900097100001900126250000600145260003800151300001200189084001400201082000800215650001000223520058000233990001200813990001200825INLIS00000000000084520240607095111 a0010-0524000080240607 1 ind 1 aMaestro /cAlex Suhendra aSuhendra, Alex a1 aYogyakarta :bSheila/ Andi,c2009 a314 hlm a813 ALE m a813 4aFiksi aMakkah tidak pernah menyangka sebelumnya jika ajakan SNtNG (Say No to Next Generation), keloompok tetaterawan terkemuka, akan membuat hidupnya menjadi amat rumit. Tak pelak, ia pun tercebur dan bermain-main di kubangan buatan. Cinta, persahabatan, lawan, cita-cita, dan harapan menjadi abu-abu. Lalu ketika semua semakin mengerucut Makkah menjelma bak bola yang berada di dalam kotak yang lalu digoncangkan. Dia bergerak cepat, menyerbu, resah, galau, tak suka aturan, dan menggeliat dengan frekuensi berbeda. Namun, apakah semuanya telah selesai dan berarti ia bisa kembali? a0741290 a0741291